000 00583nam a2200241Ia 4500
003 OSt
005 20221005121541.0
006 a|||||r|||| 00| 0
007 ta
008 221004b |||||||| |||| 00| 0 eng d
024 _a59707
037 _cTextual
040 _aCRL
_cCRL
_beng
041 _2eng
_aeng
082 _aV, H5
100 _aTrevelyan G M
245 0 _aHistory and the reader.
260 _c1945
490 _aNational book league annual lecture,3
650 _aHISTORY
942 _hV, H5
_cTEXL
_2cc
999 _c1041512
_d1041512